| 000 -LEADER |
| fixed length control field |
00981cam a2200301Ma 4500 |
| 001 - CONTROL NUMBER |
| control field |
.b18512859 |
| 003 - CONTROL NUMBER IDENTIFIER |
| control field |
OCoLC |
| 005 - DATE AND TIME OF LATEST TRANSACTION |
| control field |
20230821110132.0 |
| 008 - FIXED-LENGTH DATA ELEMENTS--GENERAL INFORMATION |
| fixed length control field |
160823s2016 maua 000 0 eng d |
| 020 ## - INTERNATIONAL STANDARD BOOK NUMBER |
| International Standard Book Number |
9781305510722 |
| 020 ## - INTERNATIONAL STANDARD BOOK NUMBER |
| International Standard Book Number |
1305510720 |
| 035 ## - SYSTEM CONTROL NUMBER |
| System control number |
(OCoLC)970549689 |
| 040 ## - CATALOGING SOURCE |
| Original cataloging agency |
I8M |
| Language of cataloging |
spa |
| Description conventions |
rda |
| Transcribing agency |
I8M |
| Modifying agency |
OCLCO |
| -- |
OCLCF |
| -- |
PTTCL |
| -- |
KH8 |
| 042 ## - AUTHENTICATION CODE |
| Authentication code |
nbic |
| 082 ## - DEWEY DECIMAL CLASSIFICATION NUMBER |
| Classification number |
400 FRA |
| 100 1# - MAIN ENTRY--PERSONAL NAME |
| Personal name |
Frazier, Catherine, |
| Relator term |
author. |
| 245 10 - TITLE STATEMENT |
| Title |
Time zones 2 / |
| Statement of responsibility, etc. |
Catherine Frazier, Richard Frazier, Jennifer Wilkin. |
| 250 ## - EDITION STATEMENT |
| Edition statement |
Second edition. |
| 260 ## - PUBLICATION, DISTRIBUTION, ETC. |
| Place of publication, distribution, etc. |
Boston, MA : |
| Name of publisher, distributor, etc. |
National Geographic Learning : |
| -- |
Cengage Learning, |
| Date of publication, distribution, etc. |
2016. |
| 300 ## - PHYSICAL DESCRIPTION |
| Extent |
143 p. : |
| Other physical details |
col. ill. ; |
| Dimensions |
28 cm. |
| 440 ## - SERIES STATEMENT/ADDED ENTRY--TITLE |
| Title |
Time Zone |
| Number of part/section of a work |
2 |
| 505 1# - FORMATTED CONTENTS NOTE |
| Miscellaneous information |
Student book -- |
| -- |
Workbook -- |
| -- |
Teacher's edition. |
| 650 #0 - SUBJECT ADDED ENTRY--TOPICAL TERM |
| Topical term or geographic name entry element |
English language |
| Form subdivision |
Textbooks for foreign speakers. |
| 650 #7 - SUBJECT ADDED ENTRY--TOPICAL TERM |
| Topical term or geographic name entry element |
English language. |
| Source of heading or term |
fast. |
| 700 1# - ADDED ENTRY--PERSONAL NAME |
| Personal name |
Frazier, Catherine, |
| Relator term |
author. |
| 700 1# - ADDED ENTRY--PERSONAL NAME |
| Personal name |
Wilkin, Jennifer, |
| Relator term |
author. |
| 942 ## - ADDED ENTRY ELEMENTS (KOHA) |
| Source of classification or shelving scheme |
|
| Koha item type |
Teaching Resources |